The Ultimate KPOP Quiz - Statistics

General Stats
  • This quiz has been taken 1,884 times
  • The average score is 86 of 107
Answer Stats
Clue Answer % Correct
BTS section | Most popular boy group BTS
100%
Who is the youngest? I.N
99%
How many member are there in BTS? 7
98%
How many members are there in BLACKPINK? | How many members are there in aespa? | How many members are there in the Vocal Line? 4
97%
Girl group with 9 members with the song 'Likey' | Twice section Twice
97%
What year did BLACKPINK debut? | When did NCT debut? 2016
95%
How many members are there in ITZY? | How many members are there in Red Velvet? | How many members are there in TXT? 5
95%
BLACKPINK section | Most popular girl group BLACKPINK
95%
23 member boy group of the same agency | NCT section NCT
95%
Boy group with 13 members | Seventeen section Seventeen
95%
How many Japanese members are there? | How many rappers are there? 3
94%
BTS's fandom name ARMY
94%
Who is the main rapper? Jennie
94%
Who is the youngest? Lisa
94%
5 member girl group with the song 'Pyscho' | Red Velvet section Red Velvet
94%
8 member boy group from the same agency | Stray Kids section Stray Kids
94%
What year did BTS debut? 2013
93%
How many members are there in Stray Kids? 8
93%
BLACKPINK's fandom name BLINK
93%
5 member girl group from the same agency | ITZY section ITZY
93%
Who is the oldest? Jisoo
93%
Who is the youngest? Jungkook
93%
Agency of the above JYP Entertainment
93%
Who is the leader? RM
93%
Who is the main vocalist? Rose
93%
Boy group from the same agency TOMORROW X TOGETHER (TXT)
93%
TOMMOROW X TOGETHER (TXT) section TXT
93%
When did Seventeen debut? | When did Twice debut? 2015
92%
When did ITZY debut? | When did TXT debut? 2019
92%
How many members are there in Twice? 9
92%
Agency of the above YG Entertainment
91%
4 member girl group of the same agency | aespa section aespa
90%
Who is the oldest? Jin
90%
Agency of the above SM Entertainment
90%
How many members are there in Seventeen? 13
89%
When did IZ*ONE debut? 2018
89%
Who is the oldest? Bang Chan
88%
Agency of the above BigHit Entertainment
88%
When did Red Velvet debut? 2014
86%
When did Stray Kids debut? 2017
86%
12 member girl group formed from a survival show IZ*ONE
86%
When did aespa debut? 2020
85%
Twice's fandom name ONCE
85%
Stray Kids' fandom name STAY
85%
IZ*ONE section IZ*ONE
84%
Who is the oldest? Yeji
84%
How many members are there in NCT? 23
81%
Which member is an MC for Music Bank? Soobin
81%
How many members are there in IZ*ONE? 12
80%
Who is the youngest? Huening Kai
80%
Who is the oldest? Karina
80%
Who is the oldest? Nayeon
80%
Who is the youngest? Yuna
80%
Who is the youngest? Tzuyu
79%
Which member is Korean-Japanese? Giselle
78%
Who is the youngest? NingNing
78%
Who is the oldest? Irene
77%
Who is the oldest? Yeonjun
76%
Seventeen's fandom name CARAT
75%
ITZY's fandom name MIDZY
75%
What was their debut song?` BOOMBAYAH
74%
TXT's fandom name MOA
74%
What was their debut song? Black Mamba
72%
What was their debut song? Dalla Dalla
71%
Which member was on the K-Drama 'Tempted'? Joy
69%
Which two members are from Australia? Bang Chan and Felix
67%
Who is the youngest? Dino
67%
Agency of the above Pledis Entertainment
67%
Who is the youngest? Yeri
67%
What was their debut song? No More Dream
66%
Who is the oldest? S.Coups
65%
Who is famous for dancing? Chaeryeong
64%
Which member was a host at ISAC? Dahyun
64%
What was their debut song? CROWN
63%
aespa's fandom name MY
62%
What was their debut song? Like-Ooh-Ahh
57%
Who is the youngest? Wonyoung
56%
Which member is known for being funny on variety shows? Seungkwan
52%
What was their debut song? Happiness
49%
Red Velvet's fandom name ReVeluv
49%
What was their debut song? Hellevator
45%
Who is the youngest? Jisung
45%
Who is the oldest? Taeyong
43%
What was their debut song? Adore U
42%
What was their debut song? La Vie En Rose
41%
IZ*ONE's fandom name WIZ*ONE
38%
Who is the oldest? Eunbi
35%
NCT's fandom name NCTzens
25%
What was their debut song? The 7th Sense
23%
What are the three sub-units of NCT? NCT 127, NCT DREAM, NCT U
14%
No matching quizzes found
Score Distribution
Percent of People with Each Score
Percentile by Number Answered
Your Score History
You have not taken this quiz